Division 1 College Basketball Teams - Statistics

General Stats
  • This quiz has been taken 120 times
    28 since last reset
  • The average score is 211 of 366
Answer Stats
Conference Team % Correct
SEC Alabama
88%
ACC California
88%
ACC Duke
88%
SEC Florida
88%
SEC Georgia
88%
Big 12 Kansas
88%
ACC North Carolina
88%
Big Ten Oregon
88%
Big Ten Washington
88%
SWAC Alabama A&M
75%
Sun Belt Appalachian State
75%
Big 12 Arizona
75%
Patriot League Boston University
75%
Mid-American Buffalo
75%
Big 12 Colorado
75%
WAC Grand Canyon
75%
Big Ten Illinois
75%
Big Ten Indiana
75%
Big 12 Kansas State
75%
Sun Belt Louisiana
75%
Atlantic 10 Loyola Chicago
75%
Patriot League Loyola Maryland
75%
West Coast Loyola Marymount
75%
America East Maine
75%
Big Ten Maryland
75%
ACC Miami
75%
Mid-American Miami (OH)
75%
Big Ten Michigan
75%
Big Ten Minnesota
75%
ACC NC State
75%
Big Ten Nebraska
75%
Mountain West Nevada
75%
Mountain West New Mexico
75%
SEC Ole Miss
75%
Big Ten Penn State
75%
Ivy Pennsylvania
75%
ACC Pittsburgh
75%
Atlantic 10 Rhode Island
75%
Big Ten Rutgers
75%
West Coast San Diego
75%
SEC South Carolina
75%
SWAC Southern
75%
American Temple
75%
SEC Tennessee
75%
SEC Texas
75%
SEC Texas A&M
75%
America East UAlbany
75%
Big Ten USC
75%
Big 12 Utah
75%
ACC Virginia
75%
ACC Virginia Tech
75%
Ohio Valley Western Illinois
75%
Mountain West Air Force
63%
SWAC Alabama State
63%
SWAC Alcorn State
63%
Big 12 Arizona State
63%
SEC Arkansas
63%
ASUN Austin Peay
63%
Mid-American Ball State
63%
Big 12 Baylor
63%
Missouri Valley Belmont
63%
SWAC Bethune-Cookman
63%
America East Binghamton
63%
Mountain West Boise State
63%
ACC Boston College
63%
Missouri Valley Bradley
63%
America East Bryant
63%
Big 12 BYU
63%
WAC California Baptist
63%
Northeast Central Connecticut
63%
Mid-American Central Michigan
63%
American Charlotte
63%
Northeast Chicago State
63%
ACC Clemson
63%
Sun Belt Coastal Carolina
63%
Mountain West Colorado State
63%
Ivy Cornell
63%
Ivy Dartmouth
63%
Atlantic 10 Davidson
63%
Summit League Denver
63%
Missouri Valley Drake
63%
Atlantic 10 Duquesne
63%
American East Carolina
63%
Ohio Valley Eastern Illinois
63%
ASUN Eastern Kentucky
63%
Mid-American Eastern Michigan
63%
Southland East Texas A&M
63%
Missouri Valley Evansville
63%
SWAC Florida A&M
63%
American Florida Atlantic
63%
ASUN Florida Gulf Coast
63%
Conference USA Florida International
63%
ACC Florida State
63%
Atlantic 10 Fordham
63%
Mountain West Fresno State
63%
Atlantic 10 George Mason
63%
Atlantic 10 George Washington
63%
Sun Belt Georgia Southern
63%
Sun Belt Georgia State
63%
ACC Georgia Tech
63%
West Coast Gonzaga
63%
SWAC Grambling
63%
Ivy Harvard
63%
Big West Hawai'i
63%
Big 12 Houston
63%
Big Sky Idaho
63%
Missouri Valley Illinois State
63%
Big Ten Iowa
63%
Big 12 Iowa State
63%
SWAC Jackson State
63%
ASUN Jacksonville
63%
Sun Belt James Madison
63%
Summit League Kansas City
63%
SEC Kentucky
63%
ASUN Lipscomb
63%
ACC Louisville
63%
MAAC Marist
63%
Sun Belt Marshall
63%
MEAC Maryland Eastern Shore
63%
Atlantic 10 Massachusetts
63%
American Memphis
63%
Big Ten Michigan State
63%
Conference USA Middle Tennessee
63%
SWAC Mississippi Valley State
63%
SEC Missouri
63%
Big Sky Montana
63%
Ohio Valley Morehead State
63%
Missouri Valley Murray State
63%
America East New Hampshire
63%
America East NJIT
63%
MEAC Norfolk State
63%
ASUN North Alabama
63%
MEAC North Carolina Central
63%
Summit League North Dakota
63%
Summit League North Dakota State
63%
Mid-American Northern Illinois
63%
Missouri Valley Northern Iowa
63%
ASUN North Florida
63%
American North Texas
63%
Big Ten Northwestern
63%
ACC Notre Dame
63%
Mid-American Ohio
63%
SEC Oklahoma
63%
Big 12 Oklahoma State
63%
Sun Belt Old Dominion
63%
Summit League Omaha
63%
West Coast Oregon State
63%
West Coast Pacific
63%
West Coast Pepperdine
63%
West Coast Portland
63%
Big Ten Purdue
63%
American Rice
63%
Atlantic 10 Richmond
63%
West Coast Saint Mary's
63%
Conference USA Sam Houston
63%
Mountain West San Diego State
63%
Mountain West San Jose State
63%
West Coast Santa Clara
63%
Southland SE Louisiana
63%
ACC SMU
63%
Sun Belt South Alabama
63%
MEAC South Carolina State
63%
Summit League South Dakota
63%
Summit League South Dakota State
63%
Ohio Valley Southeast Missouri State
63%
Missouri Valley Southern Illinois
63%
Ohio Valley Southern Indiana
63%
Sun Belt Southern Miss
63%
WAC Southern Utah
63%
American South Florida
63%
ACC Stanford
63%
Southland Stephen F. Austin
63%
ASUN Stetson
63%
Northeast St. Francis (PA)
63%
Big East St. John's
63%
Atlantic 10 St. Joseph's
63%
Atlantic 10 St. Louis
63%
Northeast Stonehill
63%
Summit League St. Thomas-Minnesota
63%
ACC Syracuse
63%
WAC Tarleton State
63%
Ohio Valley Tennessee State
63%
Ohio Valley Tennessee Tech
63%
Southland Texas A&M-Corpus Christi
63%
SWAC Texas Southern
63%
Sun Belt Texas State
63%
Sun Belt Troy
63%
American Tulane
63%
American Tulsa
63%
American UAB
63%
Big 12 UCF
63%
Big Ten UCLA
63%
Big East UConn
63%
Sun Belt UL Monroe
63%
Mid-American UMass
63%
America East UMass Lowell
63%
America East UMBC
63%
Mountain West UNLV
63%
Mountain West Utah State
63%
WAC Utah Tech
63%
WAC Utah Valley
63%
WAC UT Arlington
63%
Ohio Valley UT Martin
63%
American UTSA
63%
SEC Vanderbilt
63%
Atlantic 10 VCU
63%
America East Vermont
63%
Big East Villanova
63%
Southern VMI
63%
Northeast Wagner
63%
ACC Wake Forest
63%
West Coast Washington State
63%
Mid-American Western Michigan
63%
Big 12 West Virginia
63%
American Wichita St
63%
Big Ten Wisconsin
63%
Mountain West Wyoming
63%
WAC Abilene Cristian
50%
Mid-American Akron
50%
SWAC Arkansas-Pine Bluff
50%
Sun Belt Arkansas State
50%
Patriot League Army
50%
SEC Auburn
50%
ASUN Bellarmine
50%
Mid-American Bowling Green
50%
Ivy Brown
50%
Patriot League Bucknell
50%
Big East Butler
50%
Big West Cal Poly
50%
Big West Cal State Bakersfield
50%
Big West Cal State Fullerton
50%
Big West Cal State Northridge
50%
ASUN Central Arkansas
50%
Colonial Charleston
50%
Big South Charleston Southern
50%
Southern Chattanooga
50%
Patriot League Colgate
50%
Ivy Columbia
50%
MEAC Coppin State
50%
Big East Creighton
50%
Atlantic 10 Dayton
50%
Conference USA Delaware
50%
Big East DePaul
50%
Horizon Detroit Mercy
50%
Big Sky Eastern Washington
50%
Southern East Tennessee State
50%
Colonial Elon
50%
MAAC Fairfield
50%
Northeast Fairleigh Dickinson
50%
Southern Furman
50%
Big East Georgetown
50%
Southland Houston Christian
50%
MEAC Howard
50%
Big Sky Idaho State
50%
Missouri Valley Indiana State
50%
Conference USA Jacksonville State
50%
Conference USA Kennesaw State
50%
Mid-American Kent State
50%
Patriot League Lafayette
50%
Atlantic 10 La Salle
50%
Northeast Le Moyne
50%
Conference USA Liberty
50%
Ohio Valley Lindenwood
50%
Ohio Valley Little Rock
50%
Northeast Long Island University
50%
Conference USA Louisiana Tech
50%
SEC LSU
50%
MAAC Manhattan
50%
Southland McNeese
50%
Southern Mercer
50%
Northeast Mercyhurst
50%
MAAC Merrimack
50%
SEC Mississippi State
50%
Conference USA Missouri State
50%
Colonial Monmouth
50%
Big Sky Montana State
50%
MEAC Morgan State
50%
MAAC Mount St. Mary's
50%
Patriot League Navy
50%
Conference USA New Mexico State
50%
Southland New Orleans
50%
Colonial North Carolina A&T
50%
Colonial Northeastern
50%
Big Sky Northern Arizona
50%
Big Sky Northern Colorado
50%
Horizon Northern Kentucky
50%
Southland Northwestern State
50%
Horizon Oakland
50%
Big Ten Ohio State
50%
Summit League Oral Roberts
50%
Big Sky Portland State
50%
SWAC Prairie View A&M
50%
Big South Presbyterian
50%
Ivy Princeton
50%
Big East Providence
50%
ASUN Queens
50%
Big South Radford
50%
Horizon Robert Morris
50%
Big Sky Sacramento State
50%
MAAC Saint Peter's
50%
Southern Samford
50%
West Coast San Francisco
50%
WAC Seattle U
50%
Big South South Carolina Upstate
50%
Atlantic 10 St. Bonaventure
50%
Colonial Stony Brook
50%
Big 12 TCU
50%
Big 12 Texas Tech
50%
Southern The Citadel
50%
Mid-American Toledo
50%
Big West UC Davis
50%
Big West UC Irvine
50%
Big West UC Riverside
50%
Big West UC San Diego
50%
Big West UC Santa Barbara
50%
Missouri Valley UIC
50%
Big South UNC Asheville
50%
Southern UNC Greensboro
50%
Colonial UNC Wilmington
50%
Conference USA UTEP
50%
Missouri Valley Valparaiso
50%
Southern Western Carolina
50%
Conference USA Western Kentucky
50%
Ivy Yale
50%
Colonial Campbell
38%
Big 12 Cincinnati
38%
MEAC Delaware State
38%
Colonial Drexel
38%
Big South Gardner-Webb
38%
Horizon Green Bay
38%
Colonial Hampton
38%
Patriot League Holy Cross
38%
MAAC Iona
38%
Southland Lamar
38%
Patriot League Lehigh
38%
Big West Long Beach State
38%
Big East Marquette
38%
Horizon Milwaukee
38%
Northeast New Haven
38%
MAAC Niagara
38%
Southland Nicholls
38%
Horizon Purdue Fort Wayne
38%
MAAC Quinnipiac
38%
MAAC Rider
38%
MAAC Sacred Heart
38%
Ohio Valley SIU Edwardsville
38%
Southland UT Rio Grande Valley
38%
Big Sky Weber State
38%
ASUN West Georgia
38%
Colonial William & Mary
38%
Big South Winthrop
38%
Southern Wofford
38%
Horizon Wright State
38%
Big East Xavier
38%
Horizon Youngstown State
38%
Patriot League American University
25%
Horizon Cleveland State
25%
Big South High Point
25%
Colonial Hofstra
25%
Southland Incarnate Word
25%
Horizon IU Indianapolis
25%
Big South Longwood
25%
Big East Seton Hall
25%
MAAC Siena
25%
Colonial Towson
25%
MAAC Canisius
13%
No matching quizzes found
Score Distribution
Percent of People with Each Score
Percentile by Number Answered
Your Score History
You have not taken this quiz since the last reset